Histoire de l'Europe par lettre - F - Statistiques

Statistiques générales
  • Ce quiz a été pris 266 fois
  • Le résultat moyen est 9 sur 20
Statistiques - réponses
Indice Réponse % Correct
Archiduc autrichien dont l'assassinat est l'élément déclencheur de la première guerre mondiale François-Ferdinand
90%
Organisation médiévale en vassaux et suzerains Système {féodal}
89%
Dictateur espagnol entre 1936 et 1975 Francisco Franco
84%
Peuple germanique, leur roi Clovis se convertit au christianisme au début du VIème siècle Francs
79%
Cité-état italienne des Médicis Florence
78%
Titre porté par Adolf Hitler Führer
78%
Idéologie de cette dictature Fascisme
74%
Dans la rome antique, place centrale et lieu de débats Forum
64%
Chef-d'oeuvre de Goethe, racontant l'histoire d'un savant qui vend son âme au diable Faust
47%
Comté médiéval du nord de la France riche et urbanisé, souvent en révolte Flandre
45%
Ancien comté pyréneen, devenu plus ou moins l'Ariège Comté de {Foix}
34%
Ordre mendiant fondé en 1209 Franciscains
31%
Procès de 22 criminels de guerre impliqués dans la Shoah, parfois appelé le second procès d'Auschwitz Procès de {Francfort}
27%
Courant artistique du début du XXème siècle, Matisse et Vlaminck en sont les principaux représentants Fauvisme
26%
Réalisateur italien de la Strada et Huit et demi Federico Fellini
25%
Dynastie d'empereurs romains Flaviens
22%
Victoire napoléonienne face à l'Empire Russe en 1807 Friedland
12%
Mouvement littéraire et artistique surtout italien passé à la postérité pour ses liens avec la dictature de Mussolini Futurisme
7%
Victoire de 1675 du Brandebourg sur la Suède, mettant fin à la domination militaire de cette dernière et préfigurant l'émergence de la Prusse Fehrbellin
0%
Dramaturge suisse alémanique symbolique de l'après-guerre, ayant largement traité le sujet de l'identité Max Frisch
0%
Aucun quiz correspondant
Distribution des résultats
% des personnes avec chaque résultat
Percentile par nombre de réponses
Votre historique - résultats
Vous n’avez pas pris ce quiz